| 000 | 00541nam a2200205Ia 4500 | ||
|---|---|---|---|
| 008 | 170918s9999 xx 000 0 und d | ||
| 020 | _a9781905236626 | ||
| 050 | _bB631 2005 | ||
| 100 | _aBlackstone, Stella | ||
| 245 | _aMy granny went to market : | ||
| 245 | _ba round-the-world counting rhyme / | ||
| 245 | _cby Stella Blackstone and Christopher Corr. | ||
| 260 | _aCambridge, MA : | ||
| 260 | _bBarefoot Books, | ||
| 260 | _c2005 | ||
| 300 | _aunpaged : | ||
| 300 | _bchiefly colored ; | ||
| 300 | _c24cm. | ||
| 500 | _a500 | ||
| 999 |
_c343005 _d343005 |
||